=LDR 00000nam 2200000 4500 =001 INLIS000000000000995 =005 20130612085417 =008 ***********************************Ind** =035 ##$$0010-061300000000995 =041 ##$$a Ind =082 ##$$a 372.8 =090 ##$$a 372.8, Pen p =245 ##$$a Pendidikan Agama islam program-pendidikan dasr kurikulum SD 1994 untuk Siswa SD kelas 1,2,3,4,5,6 =260 ##$$a 1994 $b Semarang =300 ##$$a ...Jil, Ilus, 28 cm =650 ##$$a Pendidikan Dasar-Agama Islam =850 ##$$a NBPNMAT